Easing onto a defined legal space (Record no. 81852)

MARC details
000 -LEADER
fixed length control field 01150cab a22002535a 4500
001 - CONTROL NUMBER
control field L148463
008 - FIXED-LENGTH DATA ELEMENTS--GENERAL INFORMATION
fixed length control field 090922e2009 xxk g 000 0 eng d
035 ## - SYSTEM CONTROL NUMBER
System control number (Sirsi) u148463
041 0# - LANGUAGE CODE
Language code of text/sound track or separate title eng
100 1# - MAIN ENTRY--PERSONAL NAME
Personal name Potts, Andy
245 00 - TITLE STATEMENT
Title Easing onto a defined legal space
260 ## - PUBLICATION, DISTRIBUTION, ETC.
Date of publication, distribution, etc. 2009
490 ## - SERIES STATEMENT
Series statement Estates Gazette
Volume/sequential designation (0935) 5 September 2009, 100-102(3)
520 ## - SUMMARY, ETC.
Summary, etc. The right to park vehicles regarded as a legal easement is examined. Refers to recent cases on parking law including Montcrieff v Jameson [2007] UHKL 42 (L141352); Virdi v Chana [2008] EWHC 2901 (Ch); Waterman v Boyle [2009] EWHC Civ 115 (L1468840); Holms v Ashford Estates Ltd [2009] CSIH 28. Discusses the Law Commission's consultation document "Easements, covenants, profits a prendre" 2008 (L143017) which analyses Moncrieff and summaries the provisional recommendations.
590 ## - LOCAL NOTE (RLIN)
Local note KA
650 24 - SUBJECT ADDED ENTRY--TOPICAL TERM
Topical term or geographic name entry element BATCHELOR V MARLOW
650 24 - SUBJECT ADDED ENTRY--TOPICAL TERM
Topical term or geographic name entry element MONCRIEFF AND ANOTHER V JAMIESON AND OTHERS
650 24 - SUBJECT ADDED ENTRY--TOPICAL TERM
Topical term or geographic name entry element VIRDI V CHANA
650 24 - SUBJECT ADDED ENTRY--TOPICAL TERM
Topical term or geographic name entry element WATERMAN V BOYLE
650 24 - SUBJECT ADDED ENTRY--TOPICAL TERM
Topical term or geographic name entry element HOLMS V ASHFORD ESTATES LTD
651 #4 - SUBJECT ADDED ENTRY--GEOGRAPHIC NAME
Geographic name England
Chronological subdivision 886-
690 ## - LOCAL SUBJECT ADDED ENTRY--TOPICAL TERM (OCLC, RLIN)
Topical term or geographic name as entry element Boundary disputes
9 (RLIN) 6221
942 ## - ADDED ENTRY ELEMENTS (KOHA)
Suppress in OPAC 0
Holdings
Withdrawn status Lost status Source of classification or shelving scheme Damaged status Not for loan Home library Current library Shelving location Date acquired Total Checkouts Full call number Barcode Date last seen Copy number Price effective from Koha item type
    Dewey Decimal Classification     London London Journal article 22/09/2009   L148463 148463-1001 06/08/2019 1 06/08/2019 Journal article